Bilecik Bilecik Bilecik Bilecik Bilecik

Alttürkische handschriften Teil 18: buddhıca aus der Berliner turfansammlung Teil 1: das apokryphe sutra Sakız Yükmak yaruk/ (Record no. 65476)

MARC details
000 -BAŞLIK
Sabit Uzunluktaki Kontrol Alanı 02064nam a22004937a 4500
001 - KONTROL NUMARASI
Control Dosyası 0065169
003 - KONTROL NUMARASI KİMLİĞİ
Kontrol Alanı KOHA_MİRAKIL
005 - EN SON İŞLEM TARİHİ ve ZAMANI
Kontrol Alanı 20260207004549.0
007 - FİZİKSEL TANIM SABİT ALAN - GENEL BİLGİ
Sabit uzunluklu kontrol alanı ta
008 - SABİT UZUNLUKTAKİ VERİ ÖGELERİ - GENEL BİLGİ
Sabit Alan 191224b2012 ge |||grc|||#0|||0|ger |
020 ## - ISBN - ULUSLARARASI STANDART KİTAP NUMARASI
Isbn 9783515101080
040 ## - KATALOGLAMA KAYNAĞI
Özgün Kataloglama Kurumu TR-BiSEU
Kataloglama Dili tur
Çeviri Kurumu TR-BiSEU
Açıklama Kuralları rda
041 0# - DİL KODU
Metin ya da ses kaydının dil kodu ger
-- tur
044 ## - YAYINLAYAN/ÜRETEN KURULUŞUN ÜLKE KODU
ISO country code ge
050 ## - SINIFLAMA ve YER NUMARASI
Sınıflama Numarası Z6605.O7
Yer Numarası R37 2012
100 1# - KİŞİ ADI
Yazar Adı (Kişi adı) Raschmann, Simone-Christiane.
245 1# - ESER ADI BİLDİRİMİ
Başlık Alttürkische handschriften Teil 18: buddhıca aus der Berliner turfansammlung Teil 1: das apokryphe sutra Sakız Yükmak yaruk/
Sorumluluk Bildirimi Simone-Christiane Raschmann ; Simone-Christiane Raschmann.
264 #1 - ÜRERİM, YAYIN, DAĞITIM ve TELİF BİLDİRİMİ
Yayın yeri Stuttgart :
Yayınlayan Franz Steiner Verlag
Yayın tarihi 2012
300 ## - FİZİKSEL TANIMLAMA
Sayfa, Cilt vb. volume ;
Boyutları 29 cm.
336 ## - İÇERİK TÜRÜ
Content type term metin
Content type code txt
Source rdacontent
337 ## - MEDYA TÜRÜ
Media type term aracısız
Media type code n
Source rdamedia
338 ## - TAŞIYICI TÜRÜ
Carrier type term cilt
Carrier type code nc
Source rdacarrier
490 0# - DİZİ BİLDİRİMİ
Dizi Bildirimi Verzeichnis der orientalischen Handschriften in Deutschland, XIII, 26.
650 #0 - KONU BAŞLIĞI EK GİRİŞ - KONU TERİMİ
Konusal terim veya coğrafi ad Berlin--Museum für Islamische Kunst.
9 (RLIN) 122034
650 #0 - KONU BAŞLIĞI EK GİRİŞ - KONU TERİMİ
Konusal terim veya coğrafi ad Berlin--Staatsbibliothek--Mainzer Sammlung.
9 (RLIN) 122035
650 #0 - KONU BAŞLIĞI EK GİRİŞ - KONU TERİMİ
Konusal terim veya coğrafi ad Berlin--Turfansammlung--Turfansammlung.
9 (RLIN) 122036
650 #0 - KONU BAŞLIĞI EK GİRİŞ - KONU TERİMİ
Konusal terim veya coğrafi ad Turfansammlung--Catalogs.
9 (RLIN) 122030
650 #0 - KONU BAŞLIĞI EK GİRİŞ - KONU TERİMİ
Konusal terim veya coğrafi ad Tripiṭaka. Sūtrapiṭaka.
9 (RLIN) 121981
650 #0 - KONU BAŞLIĞI EK GİRİŞ - KONU TERİMİ
Konusal terim veya coğrafi ad Suvarṇaprabhāsasūtra--Criticism, Textual.
9 (RLIN) 122037
650 #0 - KONU BAŞLIĞI EK GİRİŞ - KONU TERİMİ
Konusal terim veya coğrafi ad Tripiṭaka. Sūtrapiṭaka.
9 (RLIN) 121981
650 #0 - KONU BAŞLIĞI EK GİRİŞ - KONU TERİMİ
Konusal terim veya coğrafi ad Avadāna.
9 (RLIN) 122038
650 #0 - KONU BAŞLIĞI EK GİRİŞ - KONU TERİMİ
Konusal terim veya coğrafi ad Daśakarmapathāvadānamālā--Criticism, Textual.
9 (RLIN) 122039
650 #0 - KONU BAŞLIĞI EK GİRİŞ - KONU TERİMİ
Konusal terim veya coğrafi ad Manuscripts, Old Turkic language--Germany--Catalogs.
9 (RLIN) 122033
650 #0 - KONU BAŞLIĞI EK GİRİŞ - KONU TERİMİ
Konusal terim veya coğrafi ad Berlin--İslam Sanatları Müzesi.
9 (RLIN) 122040
650 #0 - KONU BAŞLIĞI EK GİRİŞ - KONU TERİMİ
Konusal terim veya coğrafi ad Berlin--Devlet Kütüphanesi--Mainz Koleksiyonu.
9 (RLIN) 122041
650 #0 - KONU BAŞLIĞI EK GİRİŞ - KONU TERİMİ
Konusal terim veya coğrafi ad Berlin--Turfan--Turfan.
9 (RLIN) 122042
650 #0 - KONU BAŞLIĞI EK GİRİŞ - KONU TERİMİ
Konusal terim veya coğrafi ad Turfan--Kataloglar.
9 (RLIN) 122043
650 #0 - KONU BAŞLIĞI EK GİRİŞ - KONU TERİMİ
Konusal terim veya coğrafi ad Avadāna.
9 (RLIN) 122038
650 #0 - KONU BAŞLIĞI EK GİRİŞ - KONU TERİMİ
Konusal terim veya coğrafi ad Daśakarmapathāvadānamālā--Eleştiri, Metinsel.
9 (RLIN) 122044
650 #0 - KONU BAŞLIĞI EK GİRİŞ - KONU TERİMİ
Konusal terim veya coğrafi ad El yazmaları, Eski Türk dili--Almanya--Kataloglar.
9 (RLIN) 122045
830 0# - SERİ EK GİRİŞİ - TEKBİÇİM ESER ADI
Tekbiçim Başlık Verzeichnis der orientalischen Handschriften in Deutschland, XIII, 26.
9 (RLIN) 122047
907 ## - LOCAL DATA ELEMENT G, LDG (RLIN)
a Katalog
942 ## - EK GİRİŞ ÖGELERİ (KOHA)
Source of classification or shelving scheme Library of Congress Classification
Koha item type Book
Holdings
Materyal Türü Kalıcı Konum Mevcut Konum Raf Yeri Sınıflandırma Kaynağı Edinim Bilgisi Ana Konular Alt Konular Yer Numarası Cilt Bilgisi Demirbaş Numarası Fatura Tarihi Geri Çekilme Durumu Kayıp Durumu Hasarlı Durumu Kredi için değil Kayıt Tarih Toplam Ödünçverme Son Görülme Tarihi Son Kontrol Tarihi
Book Prof. Dr. Azmi Özcan Kütüphanesi Prof. Dr. Azmi Özcan Kütüphanesi Birûni Salonu Library of Congress Classification Satın BİBLİYOGRAFYA, KÜTÜPHANE BİLİMİ Kitaplar (Genel), Yazı, Kütüphaneler, Bibliyografya Z6605.O7 R37 2012 v.18 0065169 02/02/2026         24/12/2019 1 05/03/2025 05/03/2025